000
00270nam a2200097Ia 4500
008
191206s9999 xx 000 0 und d
020
_a
9.7808E+12
090
_a
QC9818.Z56BRA
245
0
_a
Climate change in Zimbabwe :Facts for planners and decision makers
260
_c
c2015
999
_c
15690
_d
15690